| 000 | 00547nam a2200217Ia 4500 | ||
|---|---|---|---|
| 003 | 0100 | ||
| 008 | 130303s9999 xx 000 0 und d | ||
| 020 | _a521575001 | ||
| 040 | _cARRUPELIB | ||
| 050 | _aJA71.P63351997 | ||
| 245 | _aPolitical theory | ||
| 245 | _btradition and diversity | ||
| 260 | _aNew York | ||
| 260 | _bCambridge University Press | ||
| 260 | _C1997 | ||
| 300 | _axi | ||
| 300 | _b 275 p. 23 cm | ||
| 650 | _bSelf-control Choice (Psychology) | ||
| 700 | _aedited by Andrew Vincent , Vincent, Andrew | ||
| 942 | 0 | 0 | _01 |
| 999 |
_c13054 _d13054 |
||